The effect of different water regimes on morphlogical , physiological and anatomical characteristics of some citrus rootstocks / (رقم التسجيلة. 605)

تفاصيل مارك
000 -LEADER
fixed length control field 013130000a22003130004500
003 - CONTROL NUMBER IDENTIFIER
control field EG-GICUC
005 - DATE AND TIME OF LATEST TRANSACTION
control field 20250223024848.0
008 - FIXED-LENGTH DATA ELEMENTS--GENERAL INFORMATION
fixed length control field 070513s2001 ua a f m 000 0 eng d
040 ## - CATALOGING SOURCE
Original cataloging agency EG-GICUC
Language of cataloging eng
Transcribing agency EG-GICUC
041 0# - LANGUAGE CODE
Language code of text/sound track or separate title Eng
049 ## - LOCAL HOLDINGS (OCLC)
Holding library Deposite
097 ## - Thesis Degree
Thesis Level Ph.D
099 ## - LOCAL FREE-TEXT CALL NUMBER (OCLC)
Classification number Cai01.07.13.Ph.D.2001.Ma.E
100 0# - MAIN ENTRY--PERSONAL NAME
Personal name Magdy Abd El fattah Ibrahim
245 14 - TITLE STATEMENT
Title The effect of different water regimes on morphlogical , physiological and anatomical characteristics of some citrus rootstocks /
Statement of responsibility, etc. Magdy Abd El fattah Ibrahim ; Supervised Ahmed E.Kilany , Ahmed A.Elobaidy
246 15 - VARYING FORM OF TITLE
Title proper/short title تاثير بعض المقتنات المائية المختلفة على الصفات الموروفولوجية و الفسيولوجية و التشريحية لبعض اصول الموالح
260 ## - PUBLICATION, DISTRIBUTION, ETC.
Place of publication, distribution, etc. Cairo :
Name of publisher, distributor, etc. Magdy Abd El fattah Ibrahim ,
Date of publication, distribution, etc. 2001
300 ## - PHYSICAL DESCRIPTION
Extent 137p :
Other physical details ill ;
Dimensions 30cm
502 ## - DISSERTATION NOTE
Dissertation note Thesis (PH.D.) - Cairo University - Faculty Of Agriculture - Department Of Pomology
530 ## - ADDITIONAL PHYSICAL FORM AVAILABLE NOTE
Additional physical form available note Issued also as CD
653 #4 - INDEX TERM--UNCONTROLLED
Uncontrolled term Citrus rootstocks
653 #4 - INDEX TERM--UNCONTROLLED
Uncontrolled term Water regimes
700 0# - ADDED ENTRY--PERSONAL NAME
Personal name Ahmed A.Elobaidy ,
Relator term
700 0# - ADDED ENTRY--PERSONAL NAME
Personal name Ahmed Elsaed Kilany ,
Relator term
856 ## - ELECTRONIC LOCATION AND ACCESS
Uniform Resource Identifier <a href="http://172.23.153.220/th.pdf">http://172.23.153.220/th.pdf</a>
905 ## - LOCAL DATA ELEMENT E, LDE (RLIN)
Cataloger Mustafa
Reviser Revisor
905 ## - LOCAL DATA ELEMENT E, LDE (RLIN)
Cataloger Nazla
Reviser Cataloger
942 ## - ADDED ENTRY ELEMENTS (KOHA)
Source of classification or shelving scheme Dewey Decimal Classification
Koha item type Thesis
المقتنيات
Source of classification or shelving scheme Not for loan Home library Current library Date acquired Full call number Barcode Date last seen Koha item type
Dewey Decimal Classification   المكتبة المركزبة الجديدة - جامعة القاهرة قاعة الرسائل الجامعية - الدور الاول 11.02.2024 Cai01.07.13.Ph.D.2001.Ma.E 01010110038627000 22.09.2023 Thesis
Dewey Decimal Classification   المكتبة المركزبة الجديدة - جامعة القاهرة مخـــزن الرســائل الجـــامعية - البدروم 11.02.2024 Cai01.07.13.Ph.D.2001.Ma.E 01020110038627000 22.09.2023 CD - Rom
Cairo University Libraries Portal Implemented & Customized by: Eng. M. Mohamady Contacts: new-lib@cl.cu.edu.eg | cnul@cl.cu.edu.eg
CUCL logo CNUL logo
© All rights reserved — Cairo University Libraries
CUCL logo
Implemented & Customized by: Eng. M. Mohamady Contact: new-lib@cl.cu.edu.eg © All rights reserved — New Central Library
CNUL logo
Implemented & Customized by: Eng. M. Mohamady Contact: cnul@cl.cu.edu.eg © All rights reserved — Cairo National University Library